| 000 | 00881cam a2200277 a 4500 | ||
|---|---|---|---|
| 001 | 4344260 | ||
| 003 | ARRUPE | ||
| 005 | 20211013111351.0 | ||
| 008 | 890613s1990 nyua b 001 0 eng | ||
| 010 | _a 89016423 | ||
| 020 | _a0471618403 | ||
| 040 |
_aDLC _cDLC _dDLC |
||
| 050 | 0 | 0 |
_aQA76.76.E95 _bN43 1990 |
| 082 | 0 | 0 |
_a006.3/3 _219 |
| 100 | 1 |
_aNeapolitan, Richard E. _950401 |
|
| 245 | 1 | 0 |
_aProbabilistic reasoning in expert systems : _btheory and algorithms / _cRichard E. Neapolitan. |
| 260 |
_aNew York : _bWiley, _cc1990. |
||
| 300 |
_axiii, 433 p. : _bill. ; _c24 cm. |
||
| 500 | _a"A Wiley-Interscience publication." | ||
| 500 | _aIncludes index. | ||
| 504 | _aBibliography: p. 421-428. | ||
| 650 | 0 |
_aExpert systems (Computer science) _9245 |
|
| 650 | 0 |
_aProbabilities. _92769 |
|
| 906 |
_a7 _bcbc _corignew _d1 _eocip _f19 _gy-gencatlg |
||
| 942 |
_2lcc _cMONOGRAPH |
||
| 999 |
_c130771 _d130771 |
||